000 00381pab a2200157 454500
008 180718b2009 xxu||||| |||| 00| 0 eng d
100 _aNachane, Dilip M.
245 _aThe fate of India unincorporated
260 _c2009
300 _ap.115-22.
362 _a28 Mar
650 _aEconomic recession
773 _aEconomic and Political Weekly
908 _aN
909 _a81865
999 _c81865
_d81865